Normal view
MARC view
Entry Geographic Name
001 - CONTROL NUMBER
- control field: 50528
003 - CONTROL NUMBER IDENTIFIER
- control field: ARRUPE
005 - DATE AND TIME OF LATEST TRANSACTION
- control field: 20211015111321.0
008 - FIXED-LENGTH DATA ELEMENTS
- fixed length control field: 211015|| aca||aabn | a|a d
040 ## - CATALOGING SOURCE
- Original cataloging agency: ARRUPE
- Transcribing agency: ARRUPE
151 ## - HEADING--GEOGRAPHIC NAME
- Geographic name: Ireland
- Form subdivision: Literary collections
670 ## - SOURCE DATA FOUND
- Source citation: Work cat.: (ARRUPE)0: Yeats, W. B. (William Butler), 1865-1939. 50526, The major works /, 2001.